| 000 | 01150nam a2200325#a 4500 | ||
|---|---|---|---|
| 001 | 00981 | ||
| 003 | HDC | ||
| 007 | ta | ||
| 008 | 230623s2007 xx 000 0 eng d | ||
| 020 | _a9789251058411 (pbk.) | ||
| 040 | _aHDC | ||
| 050 |
_aK 3631 _b.A5 J635 2007 |
||
| 110 | _aJoint FAO/WHO Codex Alimentarius Commission. | ||
| 245 | 0 |
_aCodex alimentarius : _bfood import and export inspection and certification systems / _c[Joint FAO/WHO Food Standards Programme, Codex Alimentarius Commission]. |
|
| 246 | _aFood import and export inspection and certification systems | ||
| 250 | _a3rd ed. | ||
| 264 |
_aRome : _bWorld Health Organization : _c2007 |
||
| 264 | _bFood and Agriculture Organization of the United Nations, | ||
| 300 |
_aiii,81p. : _b col. ill. ; _c 25cm. |
||
| 440 | _a";Codex alimentarius, | ||
| 500 | _aIncludes bibliographical references. | ||
| 650 |
_aFood adulteration and inspection _xStandards. |
||
| 650 |
_aFood industry and trade _xQuality control. |
||
| 650 |
_aFood _xStandards. |
||
| 710 | _aWorld Health Organization. | ||
| 942 | _2lcc | ||
| 942 | _cBK | ||
| 942 | _kK 3631 | ||
| 942 | _m.A5 J635 2007 | ||
| 999 |
_c22571 _d22571 |
||